LEADER 00600nam a2200169 i 4500 001 000000220069 003 CaOOAMICUS 005 20130426000000.0 008 130426s1858 it u000 u fre u 013 $a198966 040 $aSeMil$bita 245 10$aTome 5. 300 $a779 p. 773 0 $aFenelon, François $tOeuvres de Fénelon, archevèque de Cambrai.$dA Paris : Chez Lefèvre : Pourrat Frères, 1858.$g5$w()19668 850 $aSeMil 852 $aSeMil$W1$xVenegono$y1$m1W IV 5 FA$j170426$B170426$CSeMilBibl$Z2$F181090 $8I 996 $6245$aTome 5$9(OLS)http://semarc/title/1596 LEADER 01513nam a2200265 i 4500 001 000000188938 003 CaOOAMICUS 005 20100426000000.0 008 100426s1929 gw u000 u ger u 013 $a167174 040 $aSeMil$bita 100 1 $aGrabmann, Martin,$d<1875-1949>.$0(OLS)http://semarc/name/6963 245 14$aDie Grundgedanken des Heiligen Augustinus über Seele und Gott :$bin ihrer Gegenwartsbedeutung /$cIn zweiter neubearbeiteter auflage dargestellt von Martin Grabmann. 260 $aKöln :$bJ. P. Bachem,$c1929. 300 $a111 p. ;$c24 cm. 490 0 $aRüstzeug der Gegenwart : eine Sammlung von religiösen, philosophischen und apologetischen Tagesfragen ;$vBand5. /2. auflage 650 4$aAgostino, Aurelio - Concetto di anima.$0(OLS)http://semarc/subject/35554 650 4$aAnima - Dottrina agostiniana.$0(OLS)http://semarc/subject/35555 650 4$aDio - Dottrina Agostiniana - Studio.$0(OLS)http://semarc/subject/35556 830 0$aRüstzeug der Gegenwart : eine Sammlung von religiösen, philosophischen und apologetischen Tagesfragen ;$vBand5. /2. auflage.$0(OLS)http://semarc/title/31219 850 $aSeMil 852 $aSeMil$W1$xVenegono$y1$m2T V 83$j139573$B139573$CSeMilBibl$Z2$F151194 $81 961 $aOmaggio: Altro 996 $6245$aDie Grundgedanken des Heiligen Augustinus über Seele und Gott :$bin ihrer Gegenwartsbedeutung$9(OLS)http://semarc/title/272003 996 $6260$aKöln :$bJ. P. Bachem$9(OLS)http://semarc/publisher/30098